书目信息 |
| 题名: |
公共关系学
|
|
| 作者: | 于朝晖 主编 | |
| 分册: | ||
| 出版信息: | 北京 中国林业出版社 2008.03 |
|
| 页数: | 401页 | |
| 开本: | 21cm | |
| 丛书名: | ||
| 单 册: | ||
| 中图分类: | C912.3 | |
| 科图分类: | ||
| 主题词: | 公共关系学--高等学校--教材 | |
| 电子资源: | ||
| ISBN: | 7-5038-5022-1 | |
| 000 | 00734nam0 2200217 450 | |
| 001 | 1654032358 | |
| 005 | 20160429150137.87 | |
| 010 | @a7-5038-5022-1@dCNY40.00 | |
| 100 | @a20050404d2008 km y0chiy0120 ea | |
| 101 | 0 | @achi |
| 102 | @aCN@b110000 | |
| 105 | @aa z 000yy | |
| 200 | 1 | @a公共关系学@Agong gong guan xi xue@f于朝晖等主编@Fyu zhao hui deng zhu bian |
| 210 | @a北京@c中国林业出版社@d2008.03 | |
| 215 | @a401页@c图@d21cm | |
| 330 | @a本书介绍了当代公共关系学的基本原理与方法。内容涵盖公共关系发展的历史现状、公共关系的三要素、公共关系的四步工作法等。 | |
| 606 | 0 | @a公共关系学@x高等学校@x教材 |
| 690 | @aC912.3@v4 | |
| 701 | 0 | @a于朝晖@Ayu zhao hui@4主编 |
| 801 | 0 | @aCN@bQSSK@c20050901 |
| 905 | @a10447@dC912.3@eY7011 | |
| 公共关系学/于朝晖等主编.-北京:中国林业出版社,2008.03 |
| 401页:图;21cm |
| ISBN 7-5038-5022-1:CNY40.00 |
| 本书介绍了当代公共关系学的基本原理与方法。内容涵盖公共关系发展的历史现状、公共关系的三要素、公共关系的四步工作法等。 |
| ● |
| 相关链接 |
|
|
|
正题名:公共关系学
索取号:C912.3/Y7011
 
预约/预借
| 序号 | 登录号 | 条形码 | 馆藏地/架位号 | 状态 | 备注 |
| 1 | 1222855 | 212228551 | 管理学院资料室/ [索取号:C912.3/Y7011] | 在馆 |